LEADER 00916cam a2200265 7i4500
001 0000010719
005 20151104090000.0
005 ##20151104112400.0
003 ##MY-KlINT
020 # # |a 9781847372734  
039 # 9 |y 201511041124  |z VLOAD 
090 0 0 |a 327.549101713   |b BHU 
100 1 # |a Bhutto, Benazir 
245 1 0 |a Reconciliation :   |b Islam, democracy and the West /   |c Benazir Bhutto. 
260 # # |a London:   |b Simon & Schuster,   |c 2008. 
300 # # |a viii, 328 p;   |c 25cm. 
650 # 0 |a Islam and politics  
650 # 0 |a Islamic fundamentalism  
650 # 0 |a Ummah (Islam)  
650 # 0 |a Islam and politics Pakistan  
650 # 0 |a Islamic countries Foreign relations Western countries  
650 # 0 |a Pakistan Foreign relations 21st century  
650 # 0 |a Pakistan Politics and government 21st century  
650 # 0 |a Western countries Foreign relations Islamic countries  
999 |a 0000064153  |b BOOK  |c Main Non-Fiction  |e INTAN BK